5HLuxD.jpg

KING HENRY VIII SENIOR AND PRIMARY SCHOOL LIBRARY OPAC

MERCILESS MONARCH AND RUTHLESS MONARCHY (Record no. 4122)

000 -LEADER
fixed length control field 00864nam a22002297a 4500
005 - DATE AND TIME OF LATEST TRANSACTION
control field 20251008154330.0
008 - FIXED-LENGTH DATA ELEMENTS--GENERAL INFORMATION
fixed length control field 2510KH808b ||||| |||| 00| 0 eng d
020 ## - INTERNATIONAL STANDARD BOOK NUMBER
International Standard Book Number 9781467708982
040 ## - CATALOGING SOURCE
Transcribing agency KH8
082 ## - DEWEY DECIMAL CLASSIFICATION NUMBER
Classification number 321 ARO
100 ## - MAIN ENTRY--PERSONAL NAME
Personal name MIRIAM ARONIM
Relator term ARONIM,MIRIAM
245 ## - TITLE STATEMENT
Title MERCILESS MONARCH AND RUTHLESS MONARCHY
300 ## - PHYSICAL DESCRIPTION
Extent 32 pages
Other physical details color illustrations
Dimensions 24 cm
500 ## - GENERAL NOTE
General note Includes index and bibliographical references.
520 ## - SUMMARY, ETC.
Summary, etc. Profiles history’s most powerful and evil kings and queens—Vlad the Impaler, Ivan the Terrible, Bloody Mary, Cixi, and more—and examines how their cruelty left its mark on their empires.
521 ## - TARGET AUDIENCE NOTE
Target audience note ages 9–12
650 ## - SUBJECT ADDED ENTRY--TOPICAL TERM
Source of heading or term Monarchs
Topical term or geographic name entry element Juvenile literature
650 ## - SUBJECT ADDED ENTRY--TOPICAL TERM
Source of heading or term Kings and rulers
Topical term or geographic name entry element Juvenile literature
650 ## - SUBJECT ADDED ENTRY--TOPICAL TERM
Source of heading or term History
Topical term or geographic name entry element Juvenile literature
655 ## - INDEX TERM--GENRE/FORM
Genre/form data or focus term Nonfiction
942 ## - ADDED ENTRY ELEMENTS (KOHA)
Source of classification or shelving scheme
Koha item type Books - Non Ficton
Holdings
Withdrawn status Lost status Source of classification or shelving scheme Damaged status Not for loan Permanent Location Current Location Date acquired Full call number Barcode Date last seen Price effective from
          KH8 Primary School Library KH8 Primary School Library 2025-01-21 321 ARO 3KHPL000002176 2025-12-05 2025-01-21

Powered By KH8 IT Dept